000 00688nam a2200241 i 4500
001 000017028
003 DO-SdBNP
005 20240119132004.0
007 ta
008 100316s19uu sp ab 000 0 spa d
040 _aDO-SdBNP
_bspa
_cBNPHU
_erda
082 4 _bT266e
_222
100 1 _aTejada Castillo, Ramón,
_937580
_eautor
245 1 0 _aEspañol :
_b1er. curso /
_cRamón Tejada Castillo.
264 _aMadrid :
_bDISESA,
_c1971.
300 _a186 paginas :
_bilustraciones ;
_c23 cm.
336 _2rdacontent
_atexto
_btxt
337 _2rdamedia
_asin mediación
_bn
338 _2rdacarrier
_avolumen
_bnc
590 _aInventariado, 2023 / DG
910 _aDG
942 _2ddc
_cLBS1
999 _c16554
_d16554